000 01170 a2200193 4500
003 Nust
005 20230224102652.0
010 _a 84080129
040 _cNust
082 0 0 _a603,SCI
245 0 0 _aScience and Technology illustrated Vol.1 to 28 :
_bThe World Around us /
260 _aChicago :
_bEncyclopaedia Britannica,
_cc1984.
300 _a28 v. (3582 p.) :
_bill. (some col.) ;
_c29 cm.
505 _aVol.1 (Page 1-127), Vol.2 (Page 136-255), Vol.3 (Page 264-383), Vol.4 (Page 392-511), Vol.5 (Page 520-639), Vol.6 (Page 648-767), Vol.7 (Page 776-895), Vol.8 (Page 904-1024), Vol.9 (Page 1032-1151), Vol.10 (Page 1162-1279), Vol.11 (Page 1288-1407), Vol.14 (Page 1672-1791),Vol.15 (Page 1800-1919), Vol.17 (Page 2056-2175), Vol.18 (Page 2184-2303), Vol.19 (Page 2312-2431), Vol.20 (Page 2440-2559), Vol.21 (Page 2568-2687), Vol.22 (Page 2696-2812), Vol.23 (Page 2824-2943), Vol.24 (Page 2952-3071), Vol.25 (Page 3080-3199), Vol.26 (Page 3208-3325), Vol.27 (Page 3336-3455), Vol.28 (Page 3464-3582),
650 0 _aScience
_xEncyclopedias.
_947100
650 0 _aTechnology
_xEncyclopedias.
_947101
710 2 _aEncyclopaedia Britannica, inc.
942 _2ddc
_cENC
999 _c184401
_d184401